| 000 | 00886nam a2200265 i 4500 | ||
|---|---|---|---|
| 001 | 6361 | ||
| 003 | ES-MaACL | ||
| 005 | 20230906144909.0 | ||
| 007 | t| | ||
| 008 | 890926s1982 fr ||||0| fre d | ||
| 020 | _a2-7116-2048-4 | ||
| 080 | _a141.111 | ||
| 080 | _a1 Zenon de Elea | ||
| 100 | 1 |
_aCaveing, Maurice. _937176 |
|
| 245 | 1 | 0 |
_aZenon d'Elee _b: prolegomenes aux doctrines du continu : etude historique et critique des Fragments et Temoignages / _cMaurice Caveing. |
| 260 |
_aParis : _bVrin, _c1982. |
||
| 300 |
_a242 p. ; _c25 cm. |
||
| 490 | 1 |
_aHistoire des doctrines de l'Antiquite classique ; _v7 |
|
| 504 | _aBibliogr.: p. 225-232. | ||
| 600 | 1 | 4 |
_aZenón de Elea. _9118186 |
| 650 | 1 | 4 |
_aMonismo. _915169 |
| 830 | 0 |
_aHistoire des doctrines de l'Antiquite classique ; _v7 _9183452 |
|
| 852 |
_aES-MaACL _jL-13509 _bR.113785 _z. - rust. |
||
| 999 |
_c6361 _d6361 |
||